8 Groups of 8- Geography #1 - Statistics

General Stats
  • This quiz has been taken 3,166 times
  • The average score is 56 of 64
Answer Stats
Answer % Correct
Countries in the Amazon Basin Brazil
97%
South Asian Countries India
97%
Countries straddling the Carpathian Mountains Austria
96%
Alpine Countries of Europe Austria
96%
Countries in the Amazon Basin Colombia
96%
Alpine Countries of Europe Switzerland
96%
Countries bordering the Red Sea Egypt
95%
Alpine Countries of Europe France
95%
Alpine Countries of Europe Germany
95%
Alpine Countries of Europe Italy
95%
Countries in the Amazon Basin Guyana
94%
Countries bordering the Red Sea Saudi Arabia
94%
Countries in the Amazon Basin Suriname
94%
Countries in the Amazon Basin Venezuela
94%
Countries in the Amazon Basin Bolivia
93%
Countries bordering the South China Sea China
93%
Countries in the Amazon Basin Ecuador
93%
Countries bordering the South China Sea Indonesia
93%
Countries in the Amazon Basin Peru
93%
South Asian Countries Sri Lanka
92%
Countries bordering the Red Sea Israel
91%
Countries bordering Tanzania Kenya
91%
US States bordering the Great Lakes Michigan
91%
South Asian Countries Pakistan
91%
Countries bordering the South China Sea Vietnam
91%
South Asian Countries Bangladesh
90%
Countries straddling the Carpathian Mountains Hungary
90%
Countries bordering the South China Sea Malaysia
90%
Countries straddling the Carpathian Mountains Slovakia
90%
Alpine Countries of Europe Slovenia
90%
Countries bordering the Red Sea Yemen
90%
Countries straddling the Carpathian Mountains Czechia
88%
Alpine Countries of Europe Liechtenstein
88%
South Asian Countries Nepal
88%
Countries bordering the South China Sea Philippines
88%
Countries straddling the Carpathian Mountains Romania
88%
South Asian Countries Bhutan
87%
Countries bordering the Red Sea Jordan
87%
Countries bordering the South China Sea Taiwan
87%
Countries bordering Tanzania Uganda
86%
Countries bordering the Red Sea Djibouti
85%
Countries bordering the Red Sea Eritrea
85%
Countries bordering Tanzania Mozambique
85%
US States bordering the Great Lakes New York
85%
Countries straddling the Carpathian Mountains Poland
85%
Countries bordering Tanzania Rwanda
85%
US States bordering the Great Lakes Illinois
84%
US States bordering the Great Lakes Ohio
84%
Countries bordering the Red Sea Sudan
84%
South Asian Countries Afghanistan
83%
Countries straddling the Carpathian Mountains Ukraine
83%
Countries bordering Tanzania Zambia
83%
Countries bordering Tanzania DR Congo
82%
Countries bordering the South China Sea Singapore
82%
Countries bordering the South China Sea Brunei
81%
Countries straddling the Carpathian Mountains Serbia
81%
US States bordering the Great Lakes Minnesota
80%
Countries bordering Tanzania Burundi
79%
Countries bordering Tanzania Malawi
78%
US States bordering the Great Lakes Pennsylvania
78%
US States bordering the Great Lakes Wisconsin
78%
South Asian Countries Maldives
77%
US States bordering the Great Lakes Indiana
76%
Alpine Countries of Europe Monaco
70%
No matching quizzes found
Score Distribution
Percent of People with Each Score
Percentile by Number Answered
Your Score History
You have not taken this quiz